Statystyki dla Kraje świata według długości linii kolejowych

Kliknij tutaj aby rozwiązać quiz!

Ogólne statystyki

  • Ten quiz został rozwiązany 79 razy
  • Średni wynik to 18 z 20

Statystyki odpowiedzi

Odpowiedź% Poprawnych
293 564 kmStany Zjednoczone
100%
139 000 kmChiny
97%
64 000 kmKanada
97%
29 273 kmFrancja
96%
40 625 kmNiemcy
96%
85 600 kmRosja
96%
16 355 kmHiszpania
93%
67 415 kmIndie
93%
19 503 kmPolska
93%
29 817 kmBrazylia
92%
23 389 kmMeksyk
90%
16 788 kmWłochy
90%
27 311 kmJaponia
89%
33 168 kmAustralia
87%
36 966 kmArgentyna
86%
16 320 kmWielka Brytania
86%
19 799 kmUkraina
83%
22 387 kmPołudniowa Afryka
75%
15 530 kmKazachstan
68%
16 998 kmIran
48%

Rozkład punktacji

Percentyl według liczby udzielonych odpowiedzi

Procent ludzi z każdym wynikiem

Twoja historia wyników

Nie rozwiązałeś tego quizu